01016nam a22002177a 4500003000400000005001700004008003900021020001800060040002500078100002700103245020200130260005200332300002200384500006500406590002900471700003300500942001400533952011400547952012000661999001700781OSt20201123133706.0201120b 2010 dr 00| 0 eng d a9789993424567 aDO-SdBNPbspacBNPHU1 4Ceballos, Rita María10aAportes de la sociedad civil a la educación : bCentro Cultural Poveda historia institucional y aportes a la democracia en República Dominicana /cRita María Ceballos y Argentina Henríquez. aSanto Domingo :bCentro Cultural Poveda,c2010. a44 p. ; c21 cm.  a25 años acompañando la educación dominicana(1985-2010) aInventariado, 2020 /LP 1 aHenríquez, Argentina95204 2ddccLBS1 00102ddc51718MOaBNPHUbPDcHDd2020-11-20eNieves L. Emeterio Rondón l0r2020-11-20w2020-11-20yLBS1 00102ddc51728MOaBNPHUbPDcHDd2020-11-20eNieves L. Emeterio Rondón l0r2020-11-20te. 2w2020-11-20yLBS1 c49165d49165